[Event "Online Olym Top DivB 2021"]
[Site "chess.com INT"]
[Date "2021.09.08"]
[Round "2.2"]
[Board "5"]
[White "Kandil, Adham"]
[Black "Lashkin, Jegor"]
[Result "1/2-1/2"]
[WhiteTitle "IM"]
[BlackTitle "FM"]
[WhiteElo "2342"]
[BlackElo "2386"]
[WhiteTeam "Egypt"]
[BlackTeam "Moldova"]
[WhiteFideId "10618490"]
[BlackFideId "13907808"]
[EventDate "2021.09.08"]
[EventType "team"]

1. e4 c5 2. Nf3 d6 3. d4 cxd4 4. Nxd4 Nf6 5. Nc3 a6 6. f3 e5 7. Nb3 Be6 8. Be3
h5 9. Nd5 Bxd5 10. exd5 g6 11. Qd2 Nbd7 12. Be2 Bg7 13. c4 b6 14. O-O O-O 15.
Rac1 Re8 16. Na1 e4 17. f4 Ng4 18. Bxg4 hxg4 19. f5 Ne5 20. b3 gxf5 21. Rxf5 Qd7
22. Rff1 Nd3 23. Rcd1 g3 24. h3 f5 25. Nc2 Be5 26. Bd4 Qg7 27. Qe3 Nf2 28. Rxf2
gxf2+ 29. Qxf2 f4 30. Bxe5 dxe5 31. Qxb6 e3 32. Nxe3 fxe3 33. Qxe3 Rad8 34. d6
Re6 35. c5 e4 36. b4 Kh8 37. Rd5 Re5 38. Rd4 Rg5 39. Rd2 Qa1+ 40. Kh2 Qe5+ 41.
Kg1 Rg3 42. Qh6+ Kg8 43. c6 Rg7 44. c7 Qa1+ 45. Kh2 Qe5+ 46. Kg1 Rf8 47. d7 Qa1+
48. Kh2 Qe5+ 49. Kg1 Qa1+ 50. Kh2 Qe5+ 51. Kg1 1/2-1/2

[Event "Online Olym Top DivB 2021"]
[Site "chess.com INT"]
[Date "2021.09.08"]
[Round "2.2"]
[Board "6"]
[White "Mihailova, Alina"]
[Black "Adel, Sara"]
[Result "1-0"]
[BlackTitle "WFM"]
[WhiteElo "1884"]
[BlackElo "1741"]
[WhiteTeam "Moldova"]
[BlackTeam "Egypt"]
[WhiteFideId "13907018"]
[BlackFideId "10616764"]
[EventDate "2021.09.08"]
[EventType "team"]

1. d4 Nf6 2. c4 d6 3. Nf3 g6 4. g3 Bg7 5. Bg2 O-O 6. O-O Nbd7 7. Nc3 e5 8. e4
exd4 9. Nxd4 Nc5 10. h3 Re8 11. Re1 Ne6 12. Be3 Nc5 13. Qc2 a5 14. Rad1 b6 15.
e5 dxe5 16. Ndb5 Bf5 17. Rxd8 1-0

[Event "Online Olym Top DivB 2021"]
[Site "chess.com INT"]
[Date "2021.09.08"]
[Round "2.3"]
[Board "1"]
[White "Bacrot, Etienne"]
[Black "Anand, Viswanathan"]
[Result "1/2-1/2"]
[WhiteTitle "GM"]
[BlackTitle "GM"]
[WhiteElo "2658"]
[BlackElo "2753"]
[WhiteTeam "France"]
[BlackTeam "India"]
[WhiteFideId "605506"]
[BlackFideId "5000017"]
[EventDate "2021.09.08"]
[EventType "team"]

1. Nf3 Nf6 2. c4 c5 3. Nc3 Nc6 4. e3 e6 5. d4 d5 6. cxd5 exd5 7. Bb5 cxd4 8.
exd4 Bd6 9. O-O O-O 10. Bg5 Bg4 11. Be2 Be7 12. h3 Bh5 13. g4 Bg6 14. Qb3 Na5
15. Qa4 a6 16. Ne5 b5 17. Qd1 Rc8 18. Re1 Bb4 19. a4 Nc4 20. Qb3 Bxc3 21. bxc3
Qc7 22. axb5 axb5 23. Nxg6 hxg6 24. Bxf6 gxf6 25. Qxb5 Nd2 26. Rac1 Ne4 27. Bf3
Nxc3 28. Qd3 Qc4 29. Qd2 Qb4 30. Rc2 Rc4 31. Rec1 Nb5 32. Qxb4 Rxb4 33. Bxd5
Nxd4 34. Rc4 Rxc4 35. Rxc4 Ne6 36. Bxe6 fxe6 37. Kg2 g5 1/2-1/2

[Event "Online Olym Top DivB 2021"]
[Site "chess.com INT"]
[Date "2021.09.08"]
[Round "2.3"]
[Board "2"]
[White "Vidit, Santosh Gujrathi"]
[Black "Gozzoli, Yannick"]
[Result "1/2-1/2"]
[WhiteTitle "GM"]
[BlackTitle "GM"]
[WhiteElo "2727"]
[BlackElo "2602"]
[WhiteTeam "India"]
[BlackTeam "France"]
[WhiteFideId "5029465"]
[BlackFideId "616915"]
[EventDate "2021.09.08"]
[EventType "team"]

1. d4 d5 2. c4 c6 3. Nf3 Nf6 4. cxd5 cxd5 5. Nc3 Nc6 6. Bf4 a6 7. Ne5 g6 8. e3
Bg7 9. Be2 O-O 10. O-O Bd7 11. Rc1 Rc8 12. Nxd7 Qxd7 13. Na4 Qd8 14. Nc5 Qb6 15.
Qb3 Qxb3 16. axb3 Na5 17. b4 Nc6 18. b5 axb5 19. Nxb7 Ne4 20. Bxb5 Nb4 21. f3 g5
22. Be5 Bxe5 23. dxe5 Nd2 24. Rfd1 Nc4 25. Bxc4 dxc4 26. Na5 Nd3 27. Rxc4 Nxb2
28. Rxc8 Rxc8 29. Rd2 Rc1+ 30. Kf2 Nd1+ 31. Ke2 Nc3+ 32. Kd3 Nd5 33. Kd4 e6 34.
Nc4 Nb4 35. Nd6 Nc6+ 36. Ke4 Rb1 37. Rc2 Rb4+ 38. Rc4 Rxc4+ 39. Nxc4 Kg7 40. f4
gxf4 41. exf4 h5 42. Nd6 Ne7 43. Kf3 Kg6 44. Kg3 f6 45. exf6 Kxf6 46. Kf3 Nd5
47. g3 Ne7 48. Ke4 Nc6 49. Nc4 Ne7 50. Ne5 Nf5 51. Nd7+ Ke7 52. Nc5 Kf6 53. Kf3
Nd4+ 54. Ke3 Nf5+ 55. Kd3 Nh6 56. Ke4 Ng4 57. h3 Nf2+ 58. Kf3 Nxh3 59. Ne4+ Kg6
60. Nd6 h4 61. Kg4 Nf2+ 62. Kxh4 Nd3 63. Kg4 Ne1 64. Nc4 Kf6 65. Ne5 Nc2 66. Kf3
Nd4+ 67. Ke4 Nf5 68. g4 Nd6+ 69. Kf3 Kg7 70. g5 Nf5 71. Ng4 Nd6 72. Ne5 Nf5 73.
Ke4 Ng3+ 74. Kd4 Ne2+ 75. Ke3 Ng3 76. Nd3 Kg6 77. Kf3 Nf5 78. Ke4 Kf7 79. Ne5+
Kg7 80. Nf3 Ne7 81. Nd4 Kf7 82. Nb5 Ng6 83. Nd6+ Ke7 84. Nc4 Nh4 85. Ne5 Nf5 86.
Nc6+ Kf7 87. Ke5 Ng7 88. Kd6 Ne8+ 89. Kd7 Ng7 90. Ne5+ Kf8 91. Ng6+ Kf7 92. Ne5+
Kf8 93. Nd3 Kf7 94. Kd6 Nf5+ 95. Ke5 Ne7 96. Ke4 Nf5 97. Ne5+ Kg7 98. Nc6 Kf7
99. Ke5 Ng7 100. Kd6 Nf5+ 101. Kd7 Ng7 102. Ne5+ 1/2-1/2

[Event "Online Olym Top DivB 2021"]
[Site "chess.com INT"]
[Date "2021.09.08"]
[Round "2.3"]
[Board "3"]
[White "Sebag, Marie"]
[Black "Koneru, Humpy"]
[Result "1/2-1/2"]
[WhiteTitle "GM"]
[BlackTitle "GM"]
[WhiteElo "2447"]
[BlackElo "2586"]
[WhiteTeam "France"]
[BlackTeam "India"]
[WhiteFideId "617822"]
[BlackFideId "5008123"]
[EventDate "2021.09.08"]
[EventType "team"]

1. e4 e5 2. Nf3 Nc6 3. Bc4 Bc5 4. c3 Nf6 5. d3 a6 6. Nbd2 O-O 7. Bb3 h6 8. O-O
Re8 9. Re1 d6 10. Nf1 Be6 11. Ng3 d5 12. Qe2 Bf8 13. h3 Qd7 14. Nh4 Rad8 15. Qf3
dxe4 16. dxe4 Bxb3 17. axb3 Qe6 18. Nhf5 Kh7 19. b4 g6 20. Ne3 h5 21. Nef1 Bh6
22. Bxh6 Kxh6 23. Ne3 Kg7 24. Rad1 Ne7 25. h4 Ng4 26. Nxg4 Qxg4 27. Qxg4 hxg4
28. h5 gxh5 29. Nxh5+ Kg6 30. Ng3 Kf6 31. Nf1 Ke6 32. Ne3 Rxd1 33. Rxd1 Rg8 34.
g3 Nc8 35. Nf5 Nd6 36. Nxd6 cxd6 37. Kg2 Rh8 38. Rd5 Rc8 39. b5 Rc4 40. bxa6
bxa6 41. f3 gxf3+ 42. Kxf3 f5 43. Ra5 Rxe4 44. Rxa6 Re1 45. c4 e4+ 46. Kf2 Rc1
47. b3 Rc2+ 48. Ke1 Rc3 49. Rb6 Ke5 50. Rb5+ Kf6 51. Kf2 Kg5 52. Rb8 Kf6 53. Rb5
Ke6 54. Rb8 Ke5 55. Rb5+ Ke6 56. Rb8 Ke5 57. Rb5+ Ke6 1/2-1/2

[Event "Online Olym Top DivB 2021"]
[Site "chess.com INT"]
[Date "2021.09.08"]
[Round "2.3"]
[Board "4"]
[White "Harika, Dronavalli"]
[Black "Guichard, Pauline"]
[Result "1/2-1/2"]
[WhiteTitle "GM"]
[BlackTitle "IM"]
[WhiteElo "2511"]
[BlackElo "2409"]
[WhiteTeam "India"]
[BlackTeam "France"]
[WhiteFideId "5015197"]
[BlackFideId "639370"]
[EventDate "2021.09.08"]
[EventType "team"]

1. e4 e5 2. Nf3 Nc6 3. Nc3 Nf6 4. d4 exd4 5. Nxd4 Bb4 6. Nxc6 bxc6 7. Bd3 d5 8.
Bd2 O-O 9. O-O Rb8 10. Re1 Re8 11. a3 Bd6 12. h3 Rxb2 13. exd5 Rxe1+ 14. Qxe1
cxd5 15. Nb5 Bd7 16. a4 a6 17. Bc3 Rxb5 18. axb5 axb5 19. Bxf6 gxf6 20. Qe2 f5
21. Bxb5 Be6 22. Bd3 Kg7 23. Re1 Qg5 24. Qf3 Bb4 25. Rb1 Bd6 26. c4 d4 27. g3 f4
28. h4 Qf6 29. Rf1 Qe5 30. Qe4 fxg3 31. Qxe5+ Bxe5 32. Re1 gxf2+ 33. Kxf2 Bf6
34. Rg1+ Kf8 35. Kg3 Be5+ 36. Kf3 h6 37. Ra1 Kg7 38. Ra5 Bd6 39. c5 Be5 40. h5
Bd5+ 41. Be4 Bb3 42. c6 Kf6 43. Kf2 Bd1 44. Bf3 Bc2 45. Rd5 Ke6 46. Rd7 Bb3 47.
Bg4+ Kf6 48. Bf3 Ke6 49. Bg4+ Kf6 50. Bf3 Be6 51. Rd8 Bf5 52. Be2 Bf4 53. Kf3
Be5 54. Kf2 Ke7 55. Ra8 d3 56. Bd1 Be4 57. Ke3 Bxc6 58. Ra5 Bf6 59. Kxd3 Bd7 60.
Bf3 Bg5 61. Ra7 Bf4 62. Ra1 Kf6 63. Rf1 Kg5 64. Rg1+ Kf6 65. Ra1 Bf5+ 66. Ke2
Kg5 67. Ra5 Kf6 68. Ra6+ Bd6 69. Ke3 Be6 70. Ra5 Bb4 71. Ra6 Bc5+ 72. Ke4 Bd6
73. Ke3 Bf5 74. Be4 Bc8 75. Ra8 Bg4 76. Bf3 Be6 77. Ra6 Bc5+ 78. Kf4 Bd6+ 79.
Ke3 1/2-1/2

[Event "Online Olym Top DivB 2021"]
[Site "chess.com INT"]
[Date "2021.09.08"]
[Round "2.3"]
[Board "5"]
[White "Maurizzi, Marc Andria"]
[Black "Praggnanandhaa, R"]
[Result "1-0"]
[WhiteTitle "GM"]
[BlackTitle "GM"]
[WhiteElo "2488"]
[BlackElo "2617"]
[WhiteTeam "France"]
[BlackTeam "India"]
[WhiteFideId "36083534"]
[BlackFideId "25059530"]
[EventDate "2021.09.08"]
[EventType "team"]

1. d4 Nf6 2. Bf4 g6 3. Nc3 d5 4. e3 Bg7 5. h4 h5 6. Nb5 Na6 7. Nf3 O-O 8. Ne5
Ng4 9. Nxg4 Bxg4 10. Be2 Bxe2 11. Qxe2 c6 12. Nc3 Re8 13. g4 e5 14. dxe5 Bxe5
15. Bxe5 Rxe5 16. f4 Re7 17. gxh5 Qb6 18. O-O-O Qxe3+ 19. Qxe3 Rxe3 20. Rdg1 d4
21. Nd1 Re2 22. a3 Nc5 23. hxg6 fxg6 24. Rxg6+ Kf7 25. Rd6 Re4 26. b4 Na4 27.
Rd7+ Ke6 28. Rxb7 Rxf4 29. h5 Rh8 30. Rxa7 Nc3 31. Nxc3 dxc3 32. Kb1 Rh6 33. Ka2
Rf5 34. Kb3 Rfxh5 35. Rxh5 Rxh5 36. Kxc3 Kd6 37. Kb3 Rh3+ 38. c3 Rh5 39. a4 Rh1
40. a5 Rb1+ 41. Kc4 Ra1 42. Rh7 Ra3 43. Kd4 Ke6 44. c4 Kd6 45. Rh6+ 1-0

[Event "Online Olym Top DivB 2021"]
[Site "chess.com INT"]
[Date "2021.09.08"]
[Round "2.3"]
[Board "6"]
[White "Vaishali, R"]
[Black "Rollot, Florence"]
[Result "1-0"]
[WhiteTitle "WGM"]
[WhiteElo "2414"]
[BlackElo "1973"]
[WhiteTeam "India"]
[BlackTeam "France"]
[WhiteFideId "5091756"]
[BlackFideId "26016060"]
[EventDate "2021.09.08"]
[EventType "team"]

1. d4 Nf6 2. Bf4 c5 3. e3 g6 4. Nf3 Bg7 5. Nc3 b6 6. Qd2 d6 7. O-O-O Nbd7 8. e4
cxd4 9. Nxd4 Nc5 10. f3 a6 11. Bh6 O-O 12. h4 b5 13. h5 Bb7 14. hxg6 fxg6 15.
Bxg7 Kxg7 16. Qh6+ Kg8 17. e5 dxe5 18. Nf5 gxf5 19. Rxd8 Raxd8 20. Qg5+ Kh8 21.
Qxf5 Rd7 22. b4 Na4 23. Nxa4 bxa4 24. Rxh7+ Nxh7 25. Qxd7 Bc8 26. Qxe7 Rf6 27.
Qe8+ Rf8 28. Qxe5+ Nf6 29. g4 Kg8 30. Bc4+ Kh7 31. Qe7+ 1-0

[Event "Online Olym Top DivB 2021"]
[Site "chess.com INT"]
[Date "2021.09.08"]
[Round "2.4"]
[Board "1"]
[White "Grandelius, Nils"]
[Black "Aleksandrov, Aleksej"]
[Result "1-0"]
[WhiteTitle "GM"]
[BlackTitle "GM"]
[WhiteElo "2666"]
[BlackElo "2525"]
[WhiteTeam "Sweden"]
[BlackTeam "Belarus"]
[WhiteFideId "1710400"]
[BlackFideId "13500139"]
[EventDate "2021.09.08"]
[EventType "team"]

1. e4 e5 2. Nf3 Nc6 3. Bb5 Nf6 4. d3 d6 5. O-O Bd7 6. c3 g6 7. Re1 Bg7 8. h3 O-O
9. a4 h6 10. a5 b6 11. b4 bxa5 12. Bxc6 Bxc6 13. Rxa5 Nd7 14. c4 f5 15. Nc3 a6
16. d4 Qb8 17. Ba3 Nb6 18. d5 Bd7 19. Nd2 fxe4 20. c5 Qc8 21. Bb2 Bxh3 22. gxh3
Qxh3 23. Re3 Qh4 24. Qf1 Nd7 25. Ndxe4 Rf4 26. Qh3 Qe7 27. Qe6+ Qxe6 28. dxe6
Nf8 29. e7 Ne6 30. cxd6 cxd6 31. Nxd6 1-0

[Event "Online Olym Top DivB 2021"]
[Site "chess.com INT"]
[Date "2021.09.08"]
[Round "2.4"]
[Board "2"]
[White "Fedorov, Alexei"]
[Black "Blomqvist, Erik"]
[Result "1/2-1/2"]
[WhiteTitle "GM"]
[BlackTitle "GM"]
[WhiteElo "2532"]
[BlackElo "2536"]
[WhiteTeam "Belarus"]
[BlackTeam "Sweden"]
[WhiteFideId "13500465"]
[BlackFideId "1709437"]
[EventDate "2021.09.08"]
[EventType "team"]

1. e4 c5 2. d3 Nc6 3. g3 d5 4. Nd2 Nf6 5. Bg2 g6 6. Ngf3 Bg7 7. O-O O-O 8. c3 e5
9. Qb3 d4 10. cxd4 cxd4 11. Nc4 Qe7 12. Qa3 Qxa3 13. bxa3 Nd7 14. a4 Rd8 15. Ba3
Bf8 16. Bxf8 Kxf8 17. Rfc1 f6 18. a5 Ke7 19. Rab1 Ndb8 20. Rb5 Na6 21. Rcb1 g5
22. Ne1 Rb8 23. f4 gxf4 24. gxf4 Nc7 25. R5b2 exf4 26. Nf3 Rg8 27. Kf1 Ne6 28.
Rb5 Ng5 29. e5 Nxf3 30. Bxf3 Nxe5 31. Nxe5 fxe5 32. Rxe5+ Kf6 33. Re4 Bf5 34.
Rxd4 Rgd8 35. Rxf4 Ke5 36. Rbb4 Bxd3+ 37. Kf2 Bg6 38. Rfc4 Rd2+ 39. Ke3 Rxa2 40.
Rc5+ Kd6 41. Rd5+ Ke7 42. Rdb5 b6 43. axb6 Rxb6 44. Rxb6 axb6 45. h4 Rh2 46. h5
Bxh5 47. Bxh5 Rxh5 48. Rxb6 Kf7 49. Kf4 Ra5 50. Kg4 1/2-1/2

[Event "Online Olym Top DivB 2021"]
[Site "chess.com INT"]
[Date "2021.09.08"]
[Round "2.4"]
[Board "3"]
[White "Cramling, Pia"]
[Black "Tarasenka, Aliaksandra"]
[Result "1-0"]
[WhiteTitle "GM"]
[BlackTitle "WFM"]
[WhiteElo "2455"]
[BlackElo "2124"]
[WhiteTeam "Sweden"]
[BlackTeam "Belarus"]
[WhiteFideId "1700030"]
[BlackFideId "13514288"]
[EventDate "2021.09.08"]
[EventType "team"]

1. d4 f5 2. g3 g6 3. Bg2 Bg7 4. Nc3 d6 5. h4 Nf6 6. Bg5 h6 7. Bxf6 Bxf6 8. e4
Nc6 9. Nge2 e5 10. dxe5 dxe5 11. Qxd8+ Bxd8 12. h5 g5 13. exf5 Bxf5 14. Be4 Bxe4
15. Nxe4 Nb4 16. O-O Nxc2 17. Rac1 Nb4 18. Rc5 O-O 19. Rxe5 c6 20. Re6 Kg7 21.
Rd1 Nd5 22. N2c3 Bb6 23. Rg6+ Kh7 24. Nxd5 cxd5 25. Nf6+ Kh8 26. Rxd5 Rad8 27.
Rf5 Rf7 28. Rxh6+ Kg7 29. Rg6+ Kf8 30. h6 Ke7 31. h7 Rh8 32. Re5+ Kd6 33. Rexg5
Kc7 34. Rg7 Rxg7 35. Rxg7+ Kc6 36. Rg8 1-0

[Event "Online Olym Top DivB 2021"]
[Site "chess.com INT"]
[Date "2021.09.08"]
[Round "2.4"]
[Board "4"]
[White "Ilyuchyk, Yana"]
[Black "Agrest, Inna"]
[Result "0-1"]
[WhiteTitle "WFM"]
[BlackTitle "WIM"]
[WhiteElo "2170"]
[BlackElo "2256"]
[WhiteTeam "Belarus"]
[BlackTeam "Sweden"]
[WhiteFideId "13508407"]
[BlackFideId "1708830"]
[EventDate "2021.09.08"]
[EventType "team"]

1. e4 e5 2. Nf3 Nc6 3. Bb5 a6 4. Ba4 Nf6 5. O-O b5 6. Bb3 Bc5 7. c3 d6 8. a4 Bg4
9. h3 Bh5 10. axb5 axb5 11. Rxa8 Qxa8 12. d3 O-O 13. Bg5 Nd7 14. Nbd2 Kh8 15. g4
Bg6 16. Bd5 Nb6 17. Bxc6 Qxc6 18. b4 f6 19. Bh4 Na4 20. bxc5 Nxc3 21. Qc2 Qxc5
22. Kh2 Nxe4 23. Qxc5 Nxc5 24. d4 Nd3 25. dxe5 fxe5 26. Kg3 h6 27. Ne1 Nf4 28.
Ng2 Bd3 29. g5 Bxf1 30. Nxf1 hxg5 31. Bxg5 Ne2+ 32. Kg4 Rxf2 33. Nge3 b4 34. Bd8
b3 35. Nd2 Nd4 36. Nxb3 Rf4+ 37. Kh5 Nxb3 38. Bxc7 Rf3 39. Ng2 Rxh3+ 40. Nh4 Nd4
41. Kg4 Rh1 42. Ng6+ Kh7 43. Nf8+ Kg8 44. Bxd6 Rg1+ 45. Kh3 Nf5 46. Bc5 Rg3+ 47.
Kh2 e4 48. Ne6 Rc3 49. Bg1 Nh4 50. Bf2 Rc2 51. Kg1 Nf5 52. Ng5 e3 53. Be1 Nd4
54. Ba5 Rc5 55. Bd8 Rc1+ 56. Kg2 e2 57. Ba5 e1=Q 0-1

[Event "Online Olym Top DivB 2021"]
[Site "chess.com INT"]
[Date "2021.09.08"]
[Round "2.4"]
[Board "5"]
[White "Pantzar, Milton"]
[Black "Zarubitski, Viachaslau"]
[Result "1-0"]
[WhiteTitle "IM"]
[BlackTitle "IM"]
[WhiteElo "2423"]
[BlackElo "2416"]
[WhiteTeam "Sweden"]
[BlackTeam "Belarus"]
[WhiteFideId "1721003"]
[BlackFideId "13509373"]
[EventDate "2021.09.08"]
[EventType "team"]

1. d4 d5 2. c4 c6 3. Nf3 Nf6 4. g3 dxc4 5. Bg2 b5 6. O-O Bb7 7. b3 cxb3 8. Qxb3
e6 9. Rd1 Be7 10. Nc3 a5 11. Bg5 a4 12. Qc2 Na6 13. Bxf6 Bxf6 14. Ne5 Rc8 15.
Rab1 Ba8 16. Ne4 O-O 17. Nc5 Nxc5 18. dxc5 Bxe5 19. Rxd8 Rfxd8 20. Rd1 Bf6 21.
Be4 g6 22. Rd3 Be7 23. Qc3 Rxd3 24. exd3 f6 25. d4 Bb7 26. Qa5 Kf7 27. Qb6 Ba8
28. Qa6 Rd8 29. Bxc6 Bxc6 30. Qxc6 Rxd4 31. Qb7 Rd1+ 32. Kg2 Ke8 33. c6 Bd8 34.
c7 Bxc7 35. Qxc7 Rd2 36. a3 Rd3 37. Qc6+ Kf7 38. Qxb5 Rxa3 39. Qd7+ 1-0

[Event "Online Olym Top DivB 2021"]
[Site "chess.com INT"]
[Date "2021.09.08"]
[Round "2.4"]
[Board "6"]
[White "Zeliantsova, Kseniya"]
[Black "Zaritovskaja, Margarita"]
[Result "0-1"]
[WhiteTitle "WFM"]
[WhiteElo "2056"]
[BlackElo "2040"]
[WhiteTeam "Belarus"]
[BlackTeam "Sweden"]
[WhiteFideId "13512617"]
[BlackFideId "14149249"]
[EventDate "2021.09.08"]
[EventType "team"]

1. e4 c5 2. Nf3 d6 3. Bb5+ Bd7 4. Bxd7+ Qxd7 5. c4 Nf6 6. Nc3 g6 7. d4 cxd4 8.
Nxd4 Bg7 9. O-O O-O 10. h3 Nc6 11. Be3 Rad8 12. Rc1 a6 13. Qd2 e6 14. Nde2 Ne5
15. b3 d5 16. f4 Nxe4 17. Qc2 Nxc3 18. Nxc3 d4 19. Rcd1 Nc6 20. Bf2 Qc7 21. Ne4
Qxf4 22. Bg3 Qe3+ 23. Bf2 d3 24. Bxe3 dxc2 25. Rc1 Nb4 26. a3 Bb2 27. axb4 Bxc1
28. Bxc1 Rd1 29. Nf2 Rfd8 30. Bg5 Rxf1+ 31. Kxf1 Rd1+ 32. Ke2 c1=Q 33. Bxc1 Rxc1
34. Ne4 Rb1 35. Nd2 Rg1 36. Kf2 Rc1 37. Ke2 Kf8 38. c5 Ke7 39. Nc4 Rc2+ 40. Nd2
Kd7 41. Kd1 Rc3 42. Ke2 Kc6 43. Nc4 f6 44. Na5+ Kc7 45. Kf2 b6 46. Nc4 bxc5 47.
bxc5 Kc6 48. Ke2 Kxc5 49. Nd2 f5 50. h4 Kb4 51. Kf2 Rc2 52. Ke3 Rxd2 53. Kxd2
Kxb3 0-1

[Event "Online Olym Top DivB 2021"]
[Site "chess.com INT"]
[Date "2021.09.08"]
[Round "2.5"]
[Board "1"]
[White "Zeng, Chongsheng"]
[Black "Mamedov, Rauf"]
[Result "1-0"]
[WhiteTitle "GM"]
[BlackTitle "GM"]
[WhiteElo "2597"]
[BlackElo "2654"]
[WhiteTeam "Shenzhen China"]
[BlackTeam "Azerbaijan"]
[WhiteFideId "8603847"]
[BlackFideId "13401653"]
[EventDate "2021.09.08"]
[EventType "team"]

1. e4 c5 2. Nf3 Nc6 3. d4 cxd4 4. Nxd4 Nf6 5. Nc3 e5 6. Ndb5 d6 7. Bg5 a6 8.
Bxf6 gxf6 9. Na3 b5 10. Nd5 f5 11. c3 Bg7 12. exf5 Bxf5 13. Nc2 O-O 14. Nce3 Be6
15. Qh5 f5 16. Bd3 e4 17. Bc2 Ne7 18. Rd1 Nxd5 19. Nxd5 Be5 20. O-O Kh8 21. f4
Bg7 22. Kh1 a5 23. a3 Rc8 24. Qh3 Rc5 25. Bxe4 Qd7 26. Bf3 Qf7 27. Ne3 b4 28.
axb4 axb4 29. cxb4 Rb5 30. Nc2 Bb3 31. Bh5 Qg8 32. Rd2 Qc4 33. Be2 1-0

[Event "Online Olym Top DivB 2021"]
[Site "chess.com INT"]
[Date "2021.09.08"]
[Round "2.5"]
[Board "2"]
[White "Guseinov, Gadir"]
[Black "Yu, Ruiyuan"]
[Result "1-0"]
[WhiteTitle "GM"]
[BlackTitle "GM"]
[WhiteElo "2665"]
[BlackElo "2497"]
[WhiteTeam "Azerbaijan"]
[BlackTeam "Shenzhen China"]
[WhiteFideId "13401378"]
[BlackFideId "8603090"]
[EventDate "2021.09.08"]
[EventType "team"]

1. e4 c6 2. d4 d5 3. Nd2 dxe4 4. Nxe4 Bf5 5. Ng3 Bg6 6. h4 h6 7. Nf3 Nd7 8. h5
Bh7 9. Bd3 Bxd3 10. Qxd3 e6 11. Bd2 Ngf6 12. O-O-O Qc7 13. Ne4 O-O-O 14. g3 Nxe4
15. Qxe4 Nf6 16. Qe2 Bd6 17. c4 c5 18. Bc3 cxd4 19. Nxd4 a6 20. Kb1 Rd7 21. Nb3
Qc6 22. Na5 Qc5 23. Qf3 Rhd8 24. b4 Qf5+ 25. Qxf5 exf5 26. Bxf6 gxf6 27. c5 Bc7
28. Rxd7 Rxd7 29. Nb3 f4 30. gxf4 Bxf4 31. Rh4 Be5 32. Kc2 f5 33. Rh3 Rd8 34.
Nd2 Rd4 35. a3 Rg4 36. Kb3 Rg2 37. Nc4 Bc7 38. Rf3 Rg5 39. Re3 Rxh5 40. Re7 Rh3+
41. Ka4 Rf3 42. Rxf7 Rxf2 43. Rh7 Rh2 44. Ne3 b5+ 45. cxb6 Bxb6 46. Nxf5 h5 47.
Ne7+ Kb8 48. Nd5 Bd8 49. Rd7 Kc8 50. Rd6 h4 51. Rxa6 Rd2 52. Nf4 Rf2 53. Nd3 Rf6
54. Ra8+ Kc7 55. Ra7+ Kb6 56. Rh7 Rf3 57. Ne5 Rc3 58. Nd7+ Kc6 59. Nb8+ Kb6 60.
Nd7+ Kc6 61. Nc5 h3 62. Rh6+ Kd5 63. Rh5+ Kc6 64. b5+ Kb6 65. Na6 1-0

[Event "Online Olym Top DivB 2021"]
[Site "chess.com INT"]
[Date "2021.09.08"]
[Round "2.5"]
[Board "3"]
[White "Zhao, Xue"]
[Black "Mammadzada, Gunay"]
[Result "1-0"]
[WhiteTitle "GM"]
[BlackTitle "IM"]
[WhiteElo "2486"]
[BlackElo "2459"]
[WhiteTeam "Shenzhen China"]
[BlackTeam "Azerbaijan"]
[WhiteFideId "8601283"]
[BlackFideId "13403729"]
[EventDate "2021.09.08"]
[EventType "team"]

1. e4 c5 2. Nf3 d6 3. d4 cxd4 4. Nxd4 Nf6 5. Nc3 a6 6. Be3 e5 7. Nde2 Be7 8. g3
Nbd7 9. a4 Ng4 10. Nd5 Nxe3 11. Nxe3 O-O 12. Nc3 Bg5 13. Nc4 Nc5 14. Qxd6 Qxd6
15. Nxd6 Rd8 16. Rd1 Bg4 17. Be2 Bxe2 18. Kxe2 Ne6 19. Rd5 Nd4+ 20. Kd1 b5 21.
Rxe5 b4 22. Na2 Rxd6 23. Rxg5 f5 24. Kc1 h6 25. Rh5 g6 26. Rxh6 Kg7 27. Rh4 g5
28. e5 Rd7 29. Rh3 Rc8 30. f4 g4 31. Rh5 a5 32. Kb1 Rxc2 33. h3 b3 34. Nc1 Nf3
35. Nxb3 Nd2+ 36. Kxc2 1-0

[Event "Online Olym Top DivB 2021"]
[Site "chess.com INT"]
[Date "2021.09.08"]
[Round "2.5"]
[Board "4"]
[White "Mammadova, Gulnar"]
[Black "Xu, Tong"]
[Result "1-0"]
[WhiteTitle "IM"]
[BlackTitle "WIM"]
[WhiteElo "2395"]
[BlackElo "2111"]
[WhiteTeam "Azerbaijan"]
[BlackTeam "Shenzhen China"]
[WhiteFideId "13403508"]
[BlackFideId "8601739"]
[EventDate "2021.09.08"]
[EventType "team"]

1. e4 c5 2. c3 d5 3. exd5 Qxd5 4. d4 Nc6 5. Nf3 Nf6 6. Be2 e6 7. Na3 cxd4 8. Nb5
Qd8 9. Nbxd4 Nxd4 10. Nxd4 Be7 11. O-O O-O 12. Bf4 Nd5 13. Bg3 a6 14. Bf3 Bf6
15. Nb3 Qb6 16. c4 Ne7 17. c5 Qd8 18. Qc2 e5 19. Rfe1 Qc7 20. Rad1 Be6 21. Nd4
Bd7 22. Be4 g6 23. Nf3 Nc6 24. Bxc6 Bxc6 25. Bxe5 Bxe5 26. Nxe5 Rad8 27. Qc3
Rfe8 28. Ng4 Rxe1+ 29. Rxe1 h5 30. Nf6+ Kf8 31. Nd5 1-0

[Event "Online Olym Top DivB 2021"]
[Site "chess.com INT"]
[Date "2021.09.08"]
[Round "2.5"]
[Board "5"]
[White "Xue, Haowen"]
[Black "Muradli, Mahammad"]
[Result "1-0"]
[BlackTitle "IM"]
[WhiteElo "2128"]
[BlackElo "2487"]
[WhiteTeam "Shenzhen China"]
[BlackTeam "Azerbaijan"]
[WhiteFideId "8625492"]
[BlackFideId "13409301"]
[EventDate "2021.09.08"]
[EventType "team"]

1. d4 d5 2. c4 e6 3. Nf3 Nf6 4. g3 Bb4+ 5. Bd2 Be7 6. Bg2 O-O 7. O-O c6 8. Qb3
b5 9. cxb5 cxb5 10. Rc1 Ne4 11. Bf4 a5 12. Na3 b4 13. Nb5 Bd7 14. Nc7 Ra7 15. a4
g5 16. Be5 Nc6 17. Nb5 Rb7 18. g4 f6 19. Bg3 Kg7 20. Qd3 h5 21. gxh5 Rh8 22. Nd2
f5 23. Nxe4 fxe4 24. Qe3 Bf6 25. Bxe4 dxe4 26. Qxe4 Rxh5 27. Rxc6 Bxc6 28. Qxc6
Qd5 29. Rc1 Rh8 30. Qxd5 exd5 31. e3 Rd8 32. Bc7 Ra8 33. Rc5 Ra6 34. Rxd5 Rc6
35. Bxa5 Rc1+ 36. Kg2 b3 37. Bc3 Rc2 38. a5 Rf7 39. Nd6 Rf8 40. Ne4 g4 41. Kg3
Re8 42. Nxf6 Kxf6 43. Rb5 Kg6 44. Rb6+ Kh5 45. Rxb3 Rf8 46. Rb5+ Kg6 47. a6
Rcxf2 48. a7 Rf1 49. Rb6+ Kh5 50. Rb5+ Kg6 51. Rb8 Rg1+ 52. Kh4 Rf3 53. Rg8+ Kh6
54. Rxg4 Ra1 55. Rg3 Rf2 56. Rh3 Rg2 57. d5 Rxa7 58. Be5 Re2 59. Rf3 Ra5 60.
Bf4+ Kg6 61. d6 Rxb2 62. Kg4 Rg2+ 63. Bg3 Ra4+ 64. Rf4 Rxf4+ 65. Kxf4 Kf6 66.
Kf3 Ra2 67. h4 Ke6 68. h5 Ra5 69. Kg4 Ra8 70. h6 Rg8+ 71. Kh4 Kf5 72. Bf4 Rd8
73. Kh5 Rd7 74. Bh2 Rb7 75. e4+ Kf6 76. Bg3 Rh7 77. Bh4+ Ke6 78. Kg6 Rh8 79. Kg7
Rb8 80. h7 Kxd6 81. Bg3+ 1-0